000 00687cab a2200241 4500
001 X3654
008 090401t1996 xxu||||| |||| 00| 0 eng d
035 _a(Sirsi) u31873
041 _aeng
100 _aBell, S.
245 _aWhat`s afoot in the National Forest
260 _c1996
350 _a0
490 _aCSM (Chartered Surveyor Monthly)
_v5(9) June 1996, 28-29(2)
520 _aReports on the transformation of a 200sq mile area in the Midlands for the New National Forest.
650 _aFORESTRY
650 _aNATIONAL FOREST COMPANY
650 _aNATIONAL FOREST
650 _aNEW NATIONAL FOREST
690 _aCONSERVATION
942 _n0
948 _c04/03/1997
999 _c21389
_d21389